00546nam a2200181Ia 4500008004100000082001700041100002300058245004300081250000800124260002500132300001300157500002400170650001400194700002800208942000700236952010400243999001700347230524s9999 xx 000 0 und d a621.382bSHA aG.Shanmugam920717 0aBasic Civil and Mechanical Engineering a2ND aNEW DELHIbTMHc1993 aXIII;172 aQuantity Number: 1 aMechanics a M.S.Palanichamy920718 cBK 00104070aTATCLbTATCLcGENd2023-05-24l0o621.382 SHAp8670r2023-05-24w2023-05-24yBKzBE2104 c30520d30520